00387nam a22001457a 4500008004100000020001800041020001500059050002300074100002200097245003900119260003100158300002100189546001200210650001900222240520b |||||||| |||| 00| 0 eng d a9789966794215 a9966794212 aPL8704 b.M34 2021 aMberia Wa Kithaka aKwenzi Gizani /cKithaka wa Mberia aNRB.,Kenya :bMaribac2021 aiv,124p. ;c20cm aSwahili aFasihixShairi